000 00440nam a22001217a 4500
999 _c21665
_d21665
008 240916b ||||| |||| 00| 0 eng d
100 _aAlambra, Melanie B.
_eauthor.
_961100
245 _aSalamat 2017, mabuhay 2018 /
_cMelanie B. Alambra.
260 _aPhilippines;
_bPublishers Association of the Philippines, Inc.,
_cJanuary 2018.
300 _aVolume 66, pages 319.
700 _aAlambra, Melanie B.
_eauthor.
_961100
942 _2ddc
_cPER